[Event "Niteroi op 3rd"]
[Site "Niteroi"]
[Date "2023.09.06"]
[Round "4"]
[White "Chanduvi Loayza, Fidel Maximo"]
[Black "De Abreu, Luiza Reis Rodrigue"]
[Result "1-0"]
[WhiteElo "1958"]
[BlackElo "1224"]
[PlyCount "49"]
[EventDate "2023.09.04"]
[EventType "swiss"]
[EventRounds "9"]
[EventCountry "BRA"]
[SourceTitle "EXT 2024"]
[Source "ChessBase"]
[SourceDate "2023.10.10"]
[SourceVersion "1"]
[SourceVersionDate "2023.10.10"]
[SourceQuality "1"]

1. e4 c5 2. Nf3 d6 3. Bc4 e6 4. 0-0 Nc6 5. Re1 Nf6 6. d3 Ne5 7. Bb3 Be7 8. Bg5 0-0 9. c3 Qc7 10. d4 c4 11. dxe5 dxe5 12. Bc2 b5 13. Nbd2 Bb7 14. Qe2 Rad8 15. a4 a6 16. axb5 axb5 17. Nf1 Ra8 18. h3 h6 19. Bh4 Rfe8 20. Ne3 g5 21. Bg3 Kh7 22. Bxe5 Qc6 23. Bxf6 Bxf6 24. e5+ Kh8 25. exf6 1-0

[Event "Niteroi op 2nd"]
[Site "Niteroi"]
[Date "2022.09.03"]
[Round "4"]
[White "De Abreu, Luiza Reis Rodrigue"]
[Black "Salotti, Thiago Maida"]
[Result "0-1"]
[WhiteElo "1742"]
[BlackElo "1390"]
[PlyCount "54"]
[EventDate "2022.09.01"]
[EventType "swiss"]
[EventRounds "9"]
[EventCountry "BRA"]
[SourceTitle "CBM 210 Extra"]
[Source "ChessBase"]
[SourceDate "2022.11.30"]
[SourceVersion "1"]
[SourceVersionDate "2022.11.30"]
[SourceQuality "1"]

1. c4 d6 2. Nf3 Nf6 3. g3 g6 4. Bg2 Bg7 5. 0-0 0-0 6. d4 Bf5 7. Nc3 c6 8. Re1 Nbd7 9. e4 Bg4 10. h3 Bxf3 11. Qxf3 e5 12. Be3 exd4 13. Bxd4 Ne5 14. Qe2 Re8 15. Rad1 Qc7 16. b3 Nh5 17. Qf1 a6 18. Qe2 Qa5 19. Qd2 c5 20. Be3 Nxc4 21. bxc4 Bxc3 22. Qxd6 Bxe1 23. Bg5 Re6 24. Qd5 h6 25. Bxh6 Rf6 26. Qe5 Bxf2+ 27. Kh2 Bxg3+ 0-1

[Event "Cinelandia de Andrade Memorial 4th"]
[Site "Cinelandia"]
[Date "2022.08.05"]
[Round "1"]
[White "Fernandes, Joao Manoel Strauss"]
[Black "De Abreu, Luiza Reis Rodrigue"]
[Result "1-0"]
[WhiteElo "1688"]
[BlackElo "1742"]
[PlyCount "47"]
[EventDate "2022.08.05"]
[EventType "swiss"]
[EventRounds "5"]
[EventCountry "BRA"]
[SourceTitle "CBM 209 Extra"]
[Source "ChessBase"]
[SourceDate "2022.09.30"]
[SourceVersion "1"]
[SourceVersionDate "2022.09.30"]
[SourceQuality "1"]

1. e4 c5 2. Nf3 d6 3. d4 cxd4 4. Nxd4 Nf6 5. Nc3 a6 6. h3 Nc6 7. Be3 e6 8. g4 Be7 9. Qd2 Ne5 10. f4 Nc6 11. 0-0-0 Nxd4 12. Bxd4 0-0 13. g5 Nh5 14. Be3 Ng3 15. Rg1 Nxf1 16. Rdxf1 b5 17. f5 exf5 18. exf5 f6 19. Qd5+ Kh8 20. Qxa8 Qd7 21. Qe4 Bb7 22. Qh4 d5 23. g6 h6 24. Bxh6 1-0